Datum a čas kvízu
28
Celkem bodů
Celkový počet nahraných bodů na tomto kvízu bez doplňovacích otázek.
2.
Pořadí na kvízu
Konečné umístění týmu na tomto kvízu.
Zaznamenané odpovědi
| # | Otázka | Odpověď | Body | Výsledky |
|---|---|---|---|---|
| 1. | Prezident Miloš Zeman ve střed... | Janáčkovu akademii múzických umění (JAMU) | 1 | |
| 2. | Minulý týden se psalo o této k... | Joe Biden (manželé Bidenovi) | 0 | |
| 3. | Ve středu v tiskové zprávě pot... | Disney+ | 1 | |
| 4. | Minulý týden získal jeden auto... | Umí létat. | 1 | |
| 5. | Uveďte jména vítězů mužské a ž... | Rafael Nadal, Ashleigh Bartyová | 0 | |
| 6. | Podíváme se na pět filmů, kter... | Smrt krásných srnců, Ota Pavel | 1 | |
| 7. | Částečně animovaný čtyřdílný s... | Milan Šimáček, Žaneta Fuchsová | 0 | |
| 8. | Animovaný film Hledá se Nemo s... | Marlin, Dory | 1 | |
| 9. | Jak se jmenuje komedie Radka B... | Teorie tygra | 1 | |
| 10. | Na základě knižní předlohy spi... | ...a kde je najít, Grindelwaldovy zločiny | 1 |